01275nam a2200277 i 4500001000400000245023000004260005800234300002100292490008600313650002300399650004700422650004600469700002900515700003000544710007300574830007400647020002100721040000800742041000800750920002400758942000700782008004100789999001700830856009800847952005200945bgj00aIntertextuality in English and American Literature :bprocedings from the Baranowo conference May 1988 /c[edited by] Andrzej Kopcewicz, Marek Wilczyński ; [organized by the Adam Mickiewicz University Institute of English]. aPoznań :bUniwersytet im. Adama Mickiewicza,c1992. a168 pp ;c24 cm.1 aStudia Anglica Posnaniensia / Uniwersytet im. Adama Mickiewicza,x0081-6272 ;v24 9aLiterary criticism 9aAmerican literaturexHistory and criticism 9aEnglish literaturexHistory and criticism1 aKOPCEWICZ, Andrzej.eed.1 aWILCZYŃSKI, Marek.eed.p0aADAM MICKIEWICZ UNIVERSITYaPoznańbInstitute of EnglishbPoznań 0aStudia Anglica Posnaniensia (Uniwersytet im. Adama Mickiewicza) ;v24 a8323203954 (pbk) cBPK0 aeng a83-232-0395-4 (pbk) cKS s uk f |000 0 eng  c47241d47241 uhttp://koha.tu.koszalin.pl/cgi-bin/koha/opac-detail.pl?biblionumber=47241yKatalog online BPK 00104070aBPKbBPKckwoKA 2609p09034983yKS